=LDR 00000nam 2200000 4500 =001 INLIS000000000014975 =005 20130612110245 =008 ***********************************Ind** =035 ##$$0010-061300000014975 =041 ##$$a Ind =082 ##$$a 634.61 =090 ##$$a 634.61, Set b =100 ##$$a Setyawijaya, Yohana =245 ##$$a Budidaya kelapa sawit, Yohana setyawijaya =260 ##$$a 1991 $b Yogyakarta =300 ##$$a 62 hlm, Ilus, 21 cm =650 ##$$a Kelapa sawit =850 ##$$a NBPNMAT